Taking possession of the land : (Record no. 8454)
[ view plain ]
| 000 -LEADER | |
|---|---|
| fixed length control field | 01087cam a2200337Ii 4500 |
| 001 - CONTROL NUMBER | |
| control field | 529112 |
| 003 - CONTROL NUMBER IDENTIFIER | |
| control field | OSt |
| 005 - DATE AND TIME OF LATEST TRANSACTION | |
| control field | 20191031152350.0 |
| 008 - FIXED-LENGTH DATA ELEMENTS--GENERAL INFORMATION | |
| fixed length control field | 010516t20012001cou b 000 0 eng d |
| 020 ## - INTERNATIONAL STANDARD BOOK NUMBER | |
| International Standard Book Number | 1585020079 |
| 035 ## - SYSTEM CONTROL NUMBER | |
| System control number | (OCoLC)ocm46954044 |
| 035 ## - SYSTEM CONTROL NUMBER | |
| System control number | 529112 |
| 040 ## - CATALOGING SOURCE | |
| Original cataloging agency | DPL |
| Language of cataloging | eng |
| Description conventions | rda |
| Transcribing agency | DPL |
| 049 ## - LOCAL HOLDINGS (OCLC) | |
| Holding library | PTSS |
| 090 ## - LOCALLY ASSIGNED LC-TYPE CALL NUMBER (OCLC); LOCAL CALL NUMBER (RLIN) | |
| Classification number (OCLC) (R) ; Classification number, CALL (RLIN) (NR) | BV245 |
| Local cutter number (OCLC) ; Book number/undivided call number, CALL (RLIN) | .T6 2001 |
| 092 ## - LOCALLY ASSIGNED DEWEY CALL NUMBER (OCLC) | |
| Classification number | 248.3 |
| 100 1# - MAIN ENTRY--PERSONAL NAME | |
| Personal name | Tosto, Cindy. |
| 245 10 - TITLE STATEMENT | |
| Title | Taking possession of the land : |
| Remainder of title | a step-by-step guide to transforming your neighborhood through strategic prayer / |
| Statement of responsibility, etc. | by Cindy Tosto. |
| 246 30 - VARYING FORM OF TITLE | |
| Title proper/short title | Step-by-step guide to transforming your neighborhood through strategic prayer |
| 264 #1 - PRODUCTION, PUBLICATION, DISTRIBUTION, MANUFACTURE, AND COPYRIGHT NOTICE | |
| Place of production, publication, distribution, manufacture | Colorado Springs, CO : |
| Name of producer, publisher, distributor, manufacturer | Wagner Publications, |
| Date of production, publication, distribution, manufacture, or copyright notice | [2001] |
| 264 #4 - PRODUCTION, PUBLICATION, DISTRIBUTION, MANUFACTURE, AND COPYRIGHT NOTICE | |
| Date of production, publication, distribution, manufacture, or copyright notice | �2001 |
| 300 ## - PHYSICAL DESCRIPTION | |
| Extent | 123 pages ; |
| Dimensions | 23 cm |
| 336 ## - CONTENT TYPE | |
| Content type term | text |
| Content type code | txt |
| Source | rdacontent |
| 337 ## - MEDIA TYPE | |
| Media type term | unmediated |
| Media type code | n |
| Source | rdamedia |
| 338 ## - CARRIER TYPE | |
| Carrier type term | volume |
| Carrier type code | nc |
| Source | rdacarrier |
| 500 ## - GENERAL NOTE | |
| General note | "Foreword by Chuck D. Pierce"--Cover. |
| 504 ## - BIBLIOGRAPHY, ETC. NOTE | |
| Bibliography, etc. note | Includes bibliographical references (pages [113]-123) |
| 650 #0 - SUBJECT ADDED ENTRY--TOPICAL TERM | |
| Topical term or geographic name entry element | Prayers. |
| 942 ## - ADDED ENTRY ELEMENTS (KOHA) | |
| Source of classification or shelving scheme | Dewey Decimal Classification |
| Koha item type | Books |
| 945 ## - LOCAL PROCESSING INFORMATION (OCLC) | |
| a | MARCIVE20181205 |
| Withdrawn status | Lost status | Source of classification or shelving scheme | Damaged status | Not for loan | Collection code | Home library | Current library | Date acquired | Total Checkouts | Full call number | Barcode | Date last seen | Price effective from | Koha item type |
|---|---|---|---|---|---|---|---|---|---|---|---|---|---|---|
| Dewey Decimal Classification | Non-fiction | Harvest Mission College | Harvest Mission College | 01.11.2019 | 248.3 T716 | 009727 | 01.11.2019 | 01.11.2019 | Books |
